000 01393namaa2200301 i 4500
003 EG-GICUC
005 20260407121952.0
008 260402s1964 sy ||||gr|||| 001 p ara d
040 _aEG-GiCUC
_bara
_cEG-GiCUC
_dEG-GiCUC
_erda
082 0 4 _221
_a811.5
_bR149s
092 0 4 _221
_a811.5
_bR149s
099 _a811.5 R149s
100 1 _aالراعي النميري، عبيد بن حسين،
_d-708 or 709.
_eمؤلف.
245 1 0 _aشعر الراعي النميري وأخباره :
_b(المتوفي سنه 90 هـ) /
_cجمعه وقدم له وعلق عليه ناصر الحاني ؛ وراجعه وجمع شواهده ووضع فهارسه عز الدين التنوخي.
264 _aدمشق :
_bمطبوعات المجمع العلمي العربي،
_c1964.
300 _a215 صفحة ؛
_c24 سم
336 _2rdacontent
_atext
337 _2rdamedia
_aUnmediated
338 _2rdacarrier
_avolume
504 _aيشتمل على ارجاعات ببليوجرافية وكشافات.
541 _aد. جابر عصفور ؛
_bالقاهرة ؛
_cإهداء ؛
_d2024.
650 1 _aالشعر العربى
_xتاريخ ونقد
_yالعصر العباسى الثانى
_2qrmak
651 1 _2qrmak
700 1 _aالحاني، ناصر
_910672
_eمجمع.
700 1 _aالتنوخي، عز الدين
_910673
_eمراجع.
905 _aAsmaa
942 _2ddc
_cBK
_e21
_n0
999 _c179151
_d179151